ბათუმის შოთა რუსთაველის სახელმწიფო უნივერსიტეტის ბიბლიოთეკა

100 ლექსი (ბიბ.ჩანაწერი № 43377)

000 -LEADER
fixed length control field 00759nam a2200217Ia 4500
001 - CONTROL NUMBER
control field 10105
003 - CONTROL NUMBER IDENTIFIER
control field GE_BSU
008 - FIXED-LENGTH DATA ELEMENTS--GENERAL INFORMATION
fixed length control field 181216s||||||||xx |||||||||||||| ||und||
020 ## - INTERNATIONAL STANDARD BOOK NUMBER
International Standard Book Number 9994039881
040 ## - CATALOGING SOURCE
Transcribing agency GE_BSU
080 ## - UNIVERSAL DECIMAL CLASSIFICATION NUMBER
Universal Decimal Classification number 821.353.1–1
100 ## - MAIN ENTRY--PERSONAL NAME
Personal name სამადაშვილი,ნიკო
245 ## - TITLE STATEMENT
Title 100 ლექსი
245 ## - TITLE STATEMENT
Statement of responsibility, etc. საგამომც.პროექტის ავტ.კახმეგ კუდავა.წინასიტყვ.რევაზ სირაძე.შემდგ. მზია სამადაშვილი
260 ## - PUBLICATION, DISTRIBUTION, ETC.
Place of publication, distribution, etc. თბილისი
260 ## - PUBLICATION, DISTRIBUTION, ETC.
Name of publisher, distributor, etc. ინტელექტი
260 ## - PUBLICATION, DISTRIBUTION, ETC.
Date of publication, distribution, etc. 2006
300 ## - PHYSICAL DESCRIPTION
Extent 134გვ.20სმ.
653 ## - INDEX TERM--UNCONTROLLED
Uncontrolled term 100 ლექსი
942 ## - ADDED ENTRY ELEMENTS (KOHA)
Koha item type წიგნი
ეგზემპლარები
Withdrawn status Lost status Damaged status Not for loan Date acquired Barcode Date last seen Price effective from Koha item type
        2018-12-17 33801 2018-12-17 2018-12-17 წიგნი